Riconosci il Pokémon - Quiz n°1024 - Statistics

Statistiche generali
  • Questo quiz è stato fatto 2 volte
  • Il punteggio medio è 8 su 10
Statistiche sulle risposte
Indizio Risposta % Corretto
Altezza 0,2 m
100%
Peso 1,0 kg
100%
Sesso 50% ♂, 50% ♀
100%
Tipo Coleottero
100%
Stadio evoluzione Forma Base
100%
Abilità Insettocchi; Muta
100%
Generazione Nona
100%
Tasso di cattura 190 (35.2%)
50%
Tasso di allevamento Veloce
50%
Pokémon Rellor
0%
Nessun quiz corrispondente trovato
Distribuzione punteggi
Percentuale di utenti per punteggio
Percentile per numero di risposta
I tuoi punteggi nel tempo
Non hai fatto questo quiz